Sociological aspects of homosexuality : a comparative study of three types of homosexuals /
Saved in:
| 主要作者: | |
|---|---|
| 格式: | 圖書 |
| 語言: | 英语 |
| 出版: |
London :
Longmans,
1965
|
| 主題: | |
| 標簽: |
沒有標簽, 成為第一個標記此記錄!
|
MARC
| LEADER | 00000nam a2200000 i 4500 | ||
|---|---|---|---|
| 001 | IT\ICCU\IEI\0073561 | ||
| 003 | ItRI | ||
| 005 | 20251016153110.0 | ||
| 008 | 930518s1965 xxk|||||| ||||| |||||c | ||
| 040 | |b ita |c ct | ||
| 041 | 7 | |a eng |2 ISO-639-2 | |
| 082 | |a 306.766 |2 19 | ||
| 100 | 1 | |a Schofield, Michael |0 IT\ICCU\IEIV\036776 |4 aut | |
| 245 | 1 | 0 | |a Sociological aspects of homosexuality : |b a comparative study of three types of homosexuals / |c Michael Schofield. |
| 260 | |a London : |b Longmans, |c 1965 | ||
| 300 | |a VII, 244 p. ; |c 23 cm | ||
| 650 | 7 | |a Omosessualità | |
| 942 | |2 ddc |c BK | ||
| 952 | |0 0 |1 0 |2 ddc |4 0 |7 0 |9 7171 |a MI |b MI |d 1988-02-18 |i 873 |l 0 |p CDOM873 |r 2025-07-13 16:28:00 |w 2025-07-13 |x OLIVARI |y BK | ||
| 981 | 1 | |6 z01 |a i |b xxxe | |
| 982 | 1 | |6 z01 |a n | |
| 999 | |c 5867 |d 5867 | ||